| 000 | 00453nam a2200157 i 4500 | ||
|---|---|---|---|
| 001 | 92975 | ||
| 003 | ES-MaACL | ||
| 005 | 20230906181111.0 | ||
| 007 | t| | ||
| 008 | 050406s1912 sp ||||1| spa d | ||
| 100 | 1 |
_aLobera Girela, Cándido. _973008 |
|
| 245 | 1 | 0 |
_aNotas sobre el problema de Melilla / _cCándido Lobera Girela. |
| 260 |
_aMelilla : _b[s.n.], _c1912 ( _fEl Telegrama del Rif) |
||
| 300 |
_a156 p. ; _c22 cm. |
||
| 852 |
_aES-MaACL _jC-1217 |
||
| 999 |
_c92975 _d92975 |
||